000 00720nam a2200253Ia 4500
003 OSt
005 20220930072015.0
006 a|||||r|||| 00| 0
007 ta
008 220926b |||||||| |||| 00| 0 hin d
024 _a18655
037 _cTheses
040 _aCRL
_cCRL
_bhin
041 _2hin
_ahin
100 _aGupta Saroj
110 _aUniversity of Delhi. Faculty of Arts. Department of Hindi
245 0 _aYash Pal
_b Vyakatittva aur kritittva
260 _c1968
650 _aHINDI LITERATURE
_923866
700 _a Dr Nirmala Jain Gu.
700 _aUniversity of Delhi. Faculty of Arts. Department of Hindi
942 _cDIS
_2CC
999 _c863196
_d863196